| 000 | 00381nam a2200157Ia 4500 | ||
|---|---|---|---|
| 008 | 230312s9999||||xx |||||||||||||| ||und|| | ||
| 020 | _a0521362644 | ||
| 082 |
_a629.132 _bMAI-A |
||
| 100 | _aMair;.W.Austyn | ||
| 245 | 0 | _aAircraft Performance-2 | |
| 260 |
_bCambridge _aLondon _c1998 |
||
| 300 | _a161 | ||
| 546 | _aEng. | ||
| 650 |
_aAviation _vAircraft Performance |
||
| 942 | _cBK | ||
| 999 |
_c6692 _d6692 |
||